00257nam a2200109Ia 4500008004100000041000800041082001500049100001900064245004000083260001700123365000700140230303s9999 xx 000 0 und d aeng a621.38 TAU aTAUB (Herbert) aPrinciples of Communication Systems aN.DelhibTMH cRS